000 00577nam a2200205Ia 4500
003 GCL
008 140319s9999 xx 000 0 eng d
040 _aGCL /
_cGCL
082 0 4 _a338.6042
_bK M
100 1 _aKOTTLER, PHILIP
245 1 0 _aMARKETING PLACES: ATTRACTING INVESTMENT, INDUSTRY, TOURISM TO CITIES /
_cKOTTLER, PHILIP
700 1 _aHAIDEN DONALD H.
700 1 _aREIN, TRVING
260 _a[S.N] :
_bTHE FREE PRESS ،
_c1993
300 _a388 P
650 0 4 _aMARKETING
650 0 4 _aINDUSTRY - LOCATION
650 0 4 _aINDUSTRIAL PROMOTION
942 _2ddc
_cBK
999 _c20764
_d20764